Normal view
MARC view
- English language
Entry Topical Term
001 - CONTROL NUMBER
- control field: 5373
003 - CONTROL NUMBER IDENTIFIER
- control field: OSt
005 - DATE AND TIME OF LATEST TRANSACTION
- control field: 20201008101346.0
008 - FIXED-LENGTH DATA ELEMENTS
- fixed length control field: 201008|| aca||aabn | a|a d
040 ## - CATALOGING SOURCE
- Original cataloging agency: OSt
- Transcribing agency: OSt
150 ## - HEADING--TOPICAL TERM
- Topical term or geographic name entry element: English language
670 ## - SOURCE DATA FOUND
- Source citation: Work cat.: (OSt)0: Gunner, Jeanne, 1954- Author. 5371, The Course of Ideas :, c1986.